| 000 | 01034nam1a2200313 i 4500 | ||
|---|---|---|---|
| 001 | RU\NLR\b_ik\198039 | ||
| 005 | 20241225182405.0 | ||
| 035 | _a(NLR Aleph) 002270420 | ||
| 090 |
_a3942639 _c3942639 |
||
| 100 | _a20121024d2010 u y0rusy50 ba | ||
| 101 | 0 | _ager | |
| 102 | _aRU | ||
| 105 | _a||||z ||||| | ||
| 200 | 1 |
_aDeutsche in Russland _dНемцы в России _eкнига для дополнительного чтения _f[ред.: Анна Каплина и др.] _zrus |
|
| 210 |
_aМосква _cМСНК _d2010 |
||
| 215 | _d25 | ||
| 463 | 0 | _1001192487 | |
| 463 | 0 | _1001192488 | |
| 510 | 0 |
_aНемцы в России _zrus |
|
| 606 | 1 |
_aНемецкий язык _jХрестоматии _91063964 _3RU\NLR\auth\66413315 |
|
| 686 | _aШ143.24-93рус2хрест | ||
| 686 | _aШ143.24-93рус5 | ||
| 702 | 1 |
_aKaplina _bA. _gAnna _4340 |
|
| 801 | 0 |
_aRU _bNLR _c20121024 _gRCR |
|
| 801 | 1 |
_aRU _bNLR _c20121024 |
|
| 852 |
_aNLR _bИк _j2011-7/1607 |
||
| 942 | _cBOOK | ||